000 00724nam a2200229Ia 4500
003 GCL
008 140319s9999 xx 000 0 ara d
040 _aGCL /
_cGCL
082 0 4 _a330.951
_bا م
100 1 _aانور عبدالملك
245 1 0 _a"المبادرة التاريخية نحو ""طرق الحرير""الجديد" /
_cانور عبدالملك
700 1 _aالسيد محرز خليفة
260 _a[S.N] :
_bالهيئة العامة للاستعلامات ،
_c1993
300 _a69
490 _a
650 0 4 _aالاقتصاد
650 0 4 _aاليابان
650 0 4 _aالاشتراكية
650 0 4 _aالتنمية الاقتصادية
650 0 4 _aالصين
942 _2ddc
_cBK
999 _c31693
_d31693